RICS responds to Carsberg valuation report (Record no. 71653)
[ view plain ]
| 000 -LEADER | |
|---|---|
| fixed length control field | 00963cam a2200193 4500 |
| 001 - CONTROL NUMBER | |
| control field | WB3844-04 |
| 008 - FIXED-LENGTH DATA ELEMENTS--GENERAL INFORMATION | |
| fixed length control field | 021127n2002 000 0 eng u |
| 035 ## - SYSTEM CONTROL NUMBER | |
| System control number | (Sirsi) u120597 |
| 245 ## - TITLE STATEMENT | |
| Title | RICS responds to Carsberg valuation report |
| 260 ## - PUBLICATION, DISTRIBUTION, ETC. | |
| Date of publication, distribution, etc. | 2002 |
| 490 ## - SERIES STATEMENT | |
| Series statement | RICS Press Release |
| Volume/sequential designation | (pr130) 27 November 2002, (8) |
| 520 ## - SUMMARY, ETC. | |
| Summary, etc. | RICS has moved to implement recommendations of Carsberg report as initiative to ensure business community retains links with RICS commercial property valuers. Copies of the Carsberg report and RICS responses to it obtainable from t +44 (0)20 7334 3775 or downloadable from www.rics.org/ricscms/bin/show?class=News&template=/includes/shownews.html&id=4304&faculty=RICS RICS News Release www.rics.org/ricscms/bin/show?class=PressRelease&template=/includes/showpr.html&id=845 |
| 590 ## - LOCAL NOTE (RLIN) | |
| Local note | WB |
| 650 ## - SUBJECT ADDED ENTRY--TOPICAL TERM | |
| Topical term or geographic name entry element | GUIDANCE |
| 650 ## - SUBJECT ADDED ENTRY--TOPICAL TERM | |
| Topical term or geographic name entry element | BUSINESS COMMUNITY |
| 650 ## - SUBJECT ADDED ENTRY--TOPICAL TERM | |
| Topical term or geographic name entry element | VALUERS |
| 690 ## - LOCAL SUBJECT ADDED ENTRY--TOPICAL TERM (OCLC, RLIN) | |
| Topical term or geographic name as entry element | PROPERTY-COMMERCIAL PROPERTY |
| 942 ## - ADDED ENTRY ELEMENTS (KOHA) | |
| Suppress in OPAC | 0 |
| Withdrawn status | Lost status | Source of classification or shelving scheme | Damaged status | Not for loan | Home library | Current library | Shelving location | Date acquired | Total Checkouts | Full call number | Barcode | Date last seen | Copy number | Price effective from | Koha item type |
|---|---|---|---|---|---|---|---|---|---|---|---|---|---|---|---|
| Dewey Decimal Classification | London | London | News article | 27/11/2002 | WB3844-04 | 120597-1001 | 06/08/2019 | 1 | 06/08/2019 | News article |